Las mujeres en la Iglesia primitiva / (Record no. 86353)

MARC details
000 -LEADER
campo de control de longitud fija 00603nam a2200205 i 4500
001 - NÚMERO DE CONTROL
campo de control 86353
003 - IDENTIFICADOR DE NÚMERO DE CONTROL
campo de control ES-MaACL
005 - FECHA Y HORA DE LA ÚLTIMA TRANSACCIÓN
campo de control 20250807211030.0
007 - CAMPO FIJO DE DESCRIPCIÓN FÍSICA--INFORMACIÓN GENERAL
campo de control de longitud fija t|
008 - DATOS DE LONGITUD FIJA--INFORMACIÓN GENERAL
campo de control de longitud fija 041209s1955 sp ||||1| spa d
100 1# - ENTRADA PRINCIPAL--NOMBRE DE PERSONA
Nombre de persona Ketter, Peter.
9 (RLIN) 67964
245 14 - MENCIÓN DEL TÍTULO
Título Las mujeres en la Iglesia primitiva /
Mención de responsabilidad, etc. Peter Ketter.
260 ## - PUBLICACIÓN, DISTRIBUCIÓN, ETC.
Lugar de publicación, distribución, etc. Madrid :
Nombre del editor, distribuidor, etc. Atenas,
Fecha de publicación, distribución, etc. [1955] (
Fabricante Helénica)
300 ## - DESCRIPCIÓN FÍSICA
Extensión 286 p. ;
Dimensiones 22 cm.
490 1# - MENCIÓN DE SERIE
Mención de serie Apostolado femenino
650 07 - PUNTO DE ACCESO ADICIONAL DE MATERIA--TÉRMINO DE MATERIA
Término de materia o nombre geográfico como elemento de entrada Mujeres en el cristianismo
Fuente del encabezamiento o término embne
9 (RLIN) 15332
830 0# - PUNTO DE ACCESO ADICIONAL DE SERIE-TÍTULO UNIFORME
Título uniforme Apostolado femenino
9 (RLIN) 183999
852 ## - LOCALIZACIÓN
Ubicación ES-MaACL
Número de control de estantería C-10077
Sublocalización o colección R.37616
Holdings
Estatus retirado Estado de pérdida Estado de daño No para préstamo Biblioteca de origen Biblioteca actual Ubicación en estantería Fecha de adquisición Fuente de adquisición Total de préstamos Signatura topográfica completa Código de barras Visto por última vez Precio de reemplazo Tipo de ítem Koha
        Biblioteca del Ateneo de Madrid Biblioteca del Ateneo de Madrid Sala Palomar 17/01/2008     C-10077 1090222 23/02/2023 23/02/2023 Libro impreso